Management of organizational behaviour : utilizing human resourses

Bibliographic Details
Main Authors: Hersey, Paul (Author), Blanchard, Kenneth H. (Author)
Format: Book
Language:English
Published: Englewood Cliffs, New Jersey : Prentice-Hall 1982
Edition:Fourth Edition
Subjects:

MARC

LEADER 00000cam a2200000 7i4500
001 0000002116
005 20240925.0
008 991127 nju a eng
020 |a 0135496187 
040 |a INS   |b eng   |e rda 
090 0 0 |a HD58.7   |b .H47 1982 
100 1 |a Hersey, Paul ,   |e author 
245 1 0 |a Management of organizational behaviour :   |b utilizing human resourses   |c Paul Hersey and Ken H. Blanchard 
250 |a Fourth Edition 
264 1 |a Englewood Cliffs, New Jersey :   |b Prentice-Hall   |c 1982 
300 |a xviii, 343 pages :   |b illustrations ;   |c 24 cm. 
336 |a text  |2 rdacontent 
337 |a unmediated  |2 rdamedia 
338 |a volume  |2 rdacarrier 
650 0 |a Leathership 
650 0 |a Management 
650 0 |a Organisational behaviour 
700 1 |a Blanchard, Kenneth H. ,   |e author 
999 |a 0000000437   |b BOOK   |c Open Shelf   |e Default branch 
999 |a 0000000504   |b BOOK   |c Open Shelf   |e Default branch